Missa de Sanctissima Trinitate.
Saved in:
| Main Author: | |
|---|---|
| Format: | Musical Score |
| Language: | Latin |
| Published: |
Roma,
Societas Universalis S. Ceciliae,
1949.
|
| Series: | Documenta polyphoniae liturgicae S. Ecclesiae Romanae.
t. 4. |
| Subjects: | |
| Tags: |
Add Tag
No Tags, Be the first to tag this record!
|
| LEADER | 01215ncm a22003011 4500 | ||
|---|---|---|---|
| 001 | 002000805-8 | ||
| 005 | 20020606093309.7 | ||
| 008 | 900808s1949 it msa i n 0 lat | ||
| 010 | |a 52027123 | ||
| 035 | 0 | |a ocm03323032 | |
| 035 | 1 | |a MAHSRC18416C | |
| 035 | 1 | |z PAUG87C3926 | |
| 040 | |a IEN |d CU |d MH-Mu | ||
| 045 | |a s0s7 | ||
| 050 | 0 | 0 | |a M2 |b .D63 ser.1,no.4 |
| 100 | 1 | |a Dufay, Guillaume, |d 1397-1474. | |
| 245 | 1 | 0 | |a Missa de Sanctissima Trinitate. |
| 260 | 0 | |a Roma, |b Societas Universalis S. Ceciliae, |c 1949. | |
| 300 | |a Score (18 p.) ; |c 25 cm. | ||
| 490 | 1 | |a Documenta polyphoniae liturgicae S. Ecclesiae Romanae. Serie I ; |v t. 4 | |
| 500 | |a "L'unica fonte che conosciamo di questa Messa, il codice Trento 88, non nomina l'autore." | ||
| 500 | |a For voices and instruments. | ||
| 500 | |a Cover title. | ||
| 500 | |a Attributed by the editors to Guillaume Dufay, based on stylistic considerations; however, not cited among authentic works or anonymous works attributed to Dufay in A chronology of the works of Guillaume Dufay, by Charles Hamm (1964). | ||
| 650 | 0 | |a Masses |x Scores. | |
| 830 | 0 | |a Documenta polyphoniae liturgicae S. Ecclesiae Romanae. |n Serie I ; |v t. 4. | |
| 988 | |a 20020608 | ||
| 906 | |0 RLIN | ||


